000 00746nam a2200229 a 4500
005 20230510063741.0
008 991125m19701993ag 000 0 spa u
020 _a9506180032
035 _aUPN01000018067
049 _aCG
050 4 _aHQ35
_bB4.38 1970
100 1 _aBeck, Lester F.
245 1 0 _aEducación sexual para preadolescentes :
_bniños de 8 a 12 años /
_cLester F. Beck ; colab. Margie Robinson ; tr. Rosa B. Fuksman.
250 _a3a ed.
260 _aBuenos Aires :
_bHormé,
_c1970 (1993 impr.).
300 _a87 p. :
_bil.
440 0 _aBiblioteca psicología infantil ;
_v10
650 4 _aEducación sexual
_97445
650 4 _aVIDA FAMILIAR -
_xEDUCACION
_915116
700 1 _aRobinson, Margie,
_ecolab.
905 _aLibro
999 _c18067
_d18067